000 00681nam a2200229Ia 4500
001 3303
003 GE_BSU
008 181216s||||||||xx |||||||||||||| ||und||
040 _cGE_BSU
080 _a621.01(075.8)
100 _aКожевников,С.Н.
245 _aТеория механизмов и машин.
245 _bучеб. пособ. для студ. вузов.
250 _aИзд. третье.
260 _aМ.
260 _bМашиностроение.
260 _c1969.
300 _a584 стр. 21 см. 52 библиогр.
300 _e2 табл. 435 рис.
653 _aТеория механизмов и машин.
942 _cBK
999 _c37344
_d37344